Statistics for Cycling Paris-Roubaix Top 3 Since 2000

Click here to take the quiz!

General Stats

  • This quiz has been taken 662 times
    (565 since last reset)
  • The average score is 36 of 60

Answer Stats

YearClassificationTeamNationalityAnswer% Correct
20181Bora–HansgroheSlovakianPeter Sagan
98%
3Trek Factory RacingSwissFabian Cancellara
94%
20061Team CSCSwissFabian Cancellara
94%
2Team CSCSwissFabian Cancellara
94%
20101Team Saxo BankSwissFabian Cancellara
94%
2Leopard TrekSwissFabian Cancellara
94%
20131RadioShack–LeopardSwissFabian Cancellara
94%
3U.S. Postal ServiceBelgianTom Boonen
92%
3U.S. Postal ServiceBelgianTom Boonen
92%
20051Quick-Step–InnergeticBelgianTom Boonen
92%
2Quick-Step–InnergeticBelgianTom Boonen
92%
20081Quick-StepBelgianTom Boonen
92%
20121Omega Pharma–Quick-StepBelgianTom Boonen
92%
20091Quick-StepBelgianTom Boonen
92%
2Ettix-Quick-StepBelgianTom Boonen
92%
20191Deceuninck–Quick-StepBelgianPhilippe Gilbert
90%
20171BMC Racing TeamBelgianGreg Van Avermaet
80%
3BMC Racing TeamBelgianGreg Van Avermaet
80%
2Quick-Step FloorsCzechZdeněk Štybar
79%
2Ettix-Quick-StepCzechZdeněk Štybar
79%
20151Giant-AlpecinGermanJohn Degenkolb
75%
2Giant–ShimanoGermanJohn Degenkolb
75%
20141Omega Pharma-Quick-StepDutchNiki Terpstra
75%
3Omega Pharma-Quick-StepDutchNiki Terpstra
75%
3Quick-Step FloorsDutchNiki Terpstra
75%
3Deceuninck–Quick-StepBelgianYves Lampaert
66%
2Team Katusha–AlpecinGermanNils Politt
64%
20161Orica-GreenEDGEAustralianMatthew Hayman
62%
3Cervélo TestTeamNorwegianThor Hushovd
62%
2Cervélo TestTeamNorwegianThor Hushovd
62%
2Blanco Pro CyclingBelgianSep Vanmarcke
52%
3Team SkySpanishJuan Antonio Flecha
50%
3Fassa BortoloSpanishJuan Antonio Flecha
50%
2RabobankSpanishJuan Antonio Flecha
50%
3Team SkyBritishIan Stannard
49%
2AG2R La MondialeSwissSilvan Dillier
49%
2Domo–Farm Frites–LatexcoBelgianJohan Museeuw
48%
20021Domo–Farm FritesBelgianJohan Museeuw
48%
20001Domo–Farm FritesBelgianJohan Museeuw
48%
3BMC Racing TeamItalianAlessandro Ballan
47%
3Lampre–FonditalItalianAlessandro Ballan
47%
3LampreItalianAlessandro Ballan
47%
20111Garmin–CervéloBelgianJohan Vansummeren
46%
2Discovery ChannelAmericanGeorge Hincapie
44%
20071Team CSCAustralianStuart O'Grady
44%
20031Lotto–DomoBelgianPeter Van Petegem
40%
20041Alessio–BianchiSwedishMagnus Bäckstedt
36%
3Cannondale–DrapacDutchSebastian Langeveld
36%
20011Domo–Farm Frites–LatexcoDutchServais Knaven
31%
2Team KatushaItalianFilippo Pozzato
29%
3Team Wiesenhof-FeltGermanSteffen Wesemann
25%
2Team TelekomGermanSteffen Wesemann
25%
2Team TelekomGermanSteffen Wesemann
25%
3Domo–Farm Frites–LatexcoLatvianRomāns Vainšteins
22%
3U.S. Postal ServiceRussianViatcheslav Ekimov
20%
2Team EuropcarFrenchSébastien Turgot
17%
3MrBookmaker-PalmansBritishRoger Hammond
16%
2Saeco Macchine per CaffèItalianDario Pieri
10%
2Team CSCDutchTristan Hoffman
10%
3RabobankDutchMaarten Tjallingii
9%

Score Distribution

Percentile by Number Answered

Percent of People with Each Score

Your Score History

You have not taken this quiz since the last reset